<?xml version="1.0" encoding="UTF-8"?>
<collection xmlns="http://www.loc.gov/MARC21/slim">
<record>
  <controlfield tag="001">76909</controlfield>
  <controlfield tag="005">20240503120756.0</controlfield>
  <datafield tag="024" ind1="7" ind2=" ">
    <subfield code="2">doi</subfield>
    <subfield code="a">10.26754/ojs_artigrama/artigrama.2015308148</subfield>
  </datafield>
  <datafield tag="024" ind1="8" ind2=" ">
    <subfield code="2">sideral</subfield>
    <subfield code="a">109270</subfield>
  </datafield>
  <datafield tag="037" ind1=" " ind2=" ">
    <subfield code="a">ART-2015-109270</subfield>
  </datafield>
  <datafield tag="041" ind1=" " ind2=" ">
    <subfield code="a">spa</subfield>
  </datafield>
  <datafield tag="100" ind1=" " ind2=" ">
    <subfield code="a">Martínez Herranz, Amparo</subfield>
    <subfield code="u">Universidad de Zaragoza</subfield>
    <subfield code="0">(orcid)0000-0002-6617-5298</subfield>
  </datafield>
  <datafield tag="245" ind1=" " ind2=" ">
    <subfield code="a">Semblanza de Eduardo Ducay Berdejo (Zaragoza, 1926 - Madrid, 2016)</subfield>
  </datafield>
  <datafield tag="260" ind1=" " ind2=" ">
    <subfield code="c">2015</subfield>
  </datafield>
  <datafield tag="506" ind1="0" ind2=" ">
    <subfield code="a">Access copy available to the general public</subfield>
    <subfield code="f">Unrestricted</subfield>
  </datafield>
  <datafield tag="520" ind1="3" ind2=" ">
    <subfield code="a">La personalidad de Eduardo Ducay Berdejo es fundamental para entender la evolución, las tendencias y los avances del cine español de la segunda mitad del siglo XX. Desarrolló una amplia actividad cinematográfica como crítico, ensayista, traductor y escritor de guiones. Y también como director esporádico de algunos título de carácter documental. Pero, sobre todo, destacó como productor en muy diversas ramas del audiovisual español, desde la publicidad, pasando por el cine industrial y adquiriendo especial relevancia en obras de ficción, tanto para cine como para el medio televisivo, en un recorrido que incluyo títulos como Tristana (Buñuel, 1970), El bosque animado (J. L. Cuerda) o La regenta (F. Méndez Leite, 1994). Su manera de proceder lo sitúa como un productor creativo, con una participación consciente y constructiva en cada uno de los proyectos en los que trabajó.

The figure of Eduardo Ducay Berdejo is essential to understanding the evolution, trends and advances of Spanish cinema in the second half of the 20th century. He developed a broad activity  as  a  film  critic,  essayist,  translator  and  screenwriter.  As  well  as  occasional  director  of  some  documentary  title.  But,  above  all,  highlighted  as  a  producer  in  very  diverse  branches  of  the Spanish audiovisual, from advertising, passing through the industrial film and acquiring special  significance  in  works  of  fiction,  as  much  for  cinema  as  for  television,  in  a  tour  that  included  titles  such  as  Tristana  (Buñuel,  1970),  El  bosque  animado  (J.  L.  Cuerda)  or  La  Regenta (F. Méndez Leite, 1994). His style places him as a creative producer, with a conscious and  constructive  participation  in  each  one  of  the  projects  that  he  worked.</subfield>
  </datafield>
  <datafield tag="540" ind1=" " ind2=" ">
    <subfield code="9">info:eu-repo/semantics/openAccess</subfield>
    <subfield code="a">by-nc</subfield>
    <subfield code="u">http://creativecommons.org/licenses/by-nc/3.0/es/</subfield>
  </datafield>
  <datafield tag="655" ind1=" " ind2="4">
    <subfield code="a">info:eu-repo/semantics/article</subfield>
    <subfield code="v">info:eu-repo/semantics/publishedVersion</subfield>
  </datafield>
  <datafield tag="710" ind1="2" ind2=" ">
    <subfield code="1">3007</subfield>
    <subfield code="2">465</subfield>
    <subfield code="a">Universidad de Zaragoza</subfield>
    <subfield code="b">Dpto. Historia del Arte</subfield>
    <subfield code="c">Área Historia del Arte</subfield>
  </datafield>
  <datafield tag="773" ind1=" " ind2=" ">
    <subfield code="g">30 (2015), 339-352</subfield>
    <subfield code="p">Artigrama</subfield>
    <subfield code="t">Artigrama</subfield>
    <subfield code="x">0213-1498</subfield>
  </datafield>
  <datafield tag="856" ind1="4" ind2=" ">
    <subfield code="s">1952926</subfield>
    <subfield code="u">http://zaguan.unizar.es/record/76909/files/texto_completo.pdf</subfield>
    <subfield code="y">Versión publicada</subfield>
  </datafield>
  <datafield tag="856" ind1="4" ind2=" ">
    <subfield code="s">57414</subfield>
    <subfield code="u">http://zaguan.unizar.es/record/76909/files/texto_completo.jpg?subformat=icon</subfield>
    <subfield code="x">icon</subfield>
    <subfield code="y">Versión publicada</subfield>
  </datafield>
  <datafield tag="856" ind1="4" ind2="1">
    <subfield code="u">http://www.unizar.es/artigrama/pdf/30/3varia/10.pdf</subfield>
    <subfield code="z">Texto completo de la revista</subfield>
  </datafield>
  <datafield tag="909" ind1="C" ind2="O">
    <subfield code="o">oai:zaguan.unizar.es:76909</subfield>
    <subfield code="p">articulos</subfield>
    <subfield code="p">driver</subfield>
  </datafield>
  <datafield tag="951" ind1=" " ind2=" ">
    <subfield code="a">2024-05-03-12:03:25</subfield>
  </datafield>
  <datafield tag="980" ind1=" " ind2=" ">
    <subfield code="a">ARTICLE</subfield>
  </datafield>
</record>
</collection>